000 00847nam a2200217 i 4500
001 91991
003 ES-MaACL
005 20230906180854.0
007 t|
008 050315s1989 sp ||||1| spa d
020 _a84-505-8646-1
080 _a728.82(460.355 Sanlúcar de Barrameda)"1625"
245 0 3 _aEl palacio Orleans-Borbón de Sanlúcar de Barrameda /
_c[planimetría, Domingo Fernández... (et al.) ; coordinación, Ana Gómez Díaz].
260 _aSanlúcar Barrameda :
_bAyuntamiento, Escuela-Taller "Tartessos",
_c[1989]
300 _a213 p. :
_bil. col. ;
_c21x26 cm.
650 4 _aArquitectura española-
_yS.XVII.
_910022
651 4 _aPalacio Orleans-Borbón (Sanlúcar de Barrameda)-
_xHistoria.
_99189
700 1 _aFernández, Domingo.
_949352
700 1 _aGómez Díaz, Ana.
_957934
852 _aES-MaACL
_jE-10812
_bR.135634
999 _c91991
_d91991